000 00907naa a22002657u 4500
001 06798
003 HDC
007 cr cn ---aaaaa
008 210124p2006 my ||||| |||| 00| 0 may d
040 _aHDC
110 _a Institut Penyelidikan Produk Halal
245 0 _aInfo Halal /
_c Institut Penyelidikan Produk Halal
260 _aSerdang, Selangor :
_bInstitut Penyelidikan Produk Halal, UPM ,
_c2006
300 _a1 online resource ( 10 pages)
336 _atext
_2rdacontent
337 _acomputer
_2rdamedia
338 _aonline resource
_2rdacarrier
650 _aHalal industry
_9144
650 _aHalal products
_9642
710 _aUniversiti Putra Malaysia
856 _zRequest full-text at [email protected]
942 _2lcc
942 _cAR
942 _kEMAG 000297
999 _c4122
_d4122